000 00664nam a22002417a 4500
003 OSt
005 20150915131651.0
008 150915b xxu||||| |||| 00| 0 eng d
020 _a9780781779685
040 _cDNLM
082 _aWP505 F919c 2011
100 _aFritz, Marc A.
_95728
245 _aClinical Gynecologic Endocrinology and Infertility
250 _a8th ed
260 _aPhiladelphia;
_bWolter kluwer
_c2011
300 _ax,1439p;
_bcol.ill:
_c28cm
504 _aAppendices, & index included
650 _aGnecology
_95729
650 _aEndocrinology
_92229
650 _aInfertility
_95730
700 _aSperoff, Leon
_95731
942 _2z
_cO_SHELF
999 _c2259
_d2259